00500nam a2200145Ia 4500008004100000020001800041082001500059100002600074245004800100260003000148500002200178942000700200952013200207999001500339260604s9999 xx 000 0 und d a9781639878994 a658.45 WHI aMiley whitaker935717 0aBusiness Writing: A Professional Guide 2025 bMurphy & Moore Publishing aBusiness, Writing cBK 00104070aIIMVbIIMVcLOCKERd2026-06-04g13425.00l0o658.45 WHIp004160r2026-06-04 10:20:41v13425.00w2026-06-04yBKBWHI c8542d8542